Bundesliga 2025-2026 - Statistiques

Statistiques générales
  • Ce quiz a été pris 29 fois
    7 depuis la dernière actualisation
  • Le résultat moyen est 10 sur 18
Statistiques - réponses
Équipe % Correct
Bayern Munich
100%
Borussia Dortmund
100%
Bayer 04 Leverkusen
80%
Eintracht Francfort
80%
1. FC Cologne
60%
Hambourg SV
60%
RB Leipzig
60%
Union Berlin
60%
VfB Stuttgart
60%
VfL Wolfsburg
60%
Werder Brême
60%
Borussia Mönchengladbach
40%
FC Augsbourg
40%
FC St. Pauli
40%
FSV Mayence
40%
TSG Hoffenheim
40%
1. FC Heidenheim
20%
SC Fribourg
0%
Aucun quiz correspondant
Distribution des résultats
% des personnes avec chaque résultat
Percentile par nombre de réponses
Votre historique - résultats
Vous n’avez pas pris ce quiz depuis la dernière actualisation